Great by choice (Registro nro. 19612)

Detalles MARC
000 -LEADER
fixed length control field 00314 a2200121 4500
001 - CONTROL NUMBER
control field ART_17570
005 - DATE AND TIME OF LATEST TRANSACTION
control field 20260410161750.0
008 - FIXED-LENGTH DATA ELEMENTS--GENERAL INFORMATION
fixed length control field 260409a
100 1# - MAIN ENTRY--PERSONAL NAME
Personal name Hansen, Morten T.
245 10 - TITLE STATEMENT
Title Great by choice
700 1# - ADDED ENTRY--PERSONAL NAME
Personal name Collins, Jim
773 0# - HOST ITEM ENTRY
Title Book Summary
Related parts - Nº 15 (ene. 2012)
Record control number REV4099

No hay ítems disponibles.